00485nam a22001337a 450000500170000000800410001702000180005804000130007608200240008910000460011324501330015926000480029230000110034020210503124517.0210503b ||||| |||| 00| 0 eng d a9789383558797 cPK-LaUMT aRHC 891.4393bSAG-K aSaghir Afraheim = صغیر افراہیم a..... Karee dhoop ka safar = (۔۔۔ ۔کڑی دھوپ کا سفر (افسانے /cby Saghir Afraheim = صغیر افراہیم aNew Dehli :bBrown Book Publications,c2016 a168 p.